000
00330nam a2200121 a 4500
001
000002463
005
20200929150210.0
008
090702s1998 000 spa d
020
_a
8489384126
245
0
_a
No se lo cuentes a los mayores : literatura infantil, espacio subversivo.
260
_a
Madrid,
_c
1998.
999
_c
2299
_d
2299
040
_a
DO-SdBNP